[Event "82nd Tata Steel Masters 2020"]
[Site "Wijk aan Zee"]
[Date "2020.01.16"]
[Round "5.4"]
[White "Vitiugov, Nikita"]
[Black "Yu, Yangyi"]
[Result "1/2-1/2"]
[WhiteElo "2747"]
[BlackElo "2726"]
[Annotator "TA"]
[PlyCount "48"]
[EventDate "2020.01.11"]
[EventType "tourn"]
[EventCountry "NED"]
[SourceTitle "playchess.com"]
[Source "ChessBase"]
[SourceQuality "1"]

{[%evp 19,48,0,0,0,37,31,55,54,58,59,105,105,83,89,87,109,84,21,116,124,104,0,0,0,0,9,26,24,29,26,32]} 1. d4 Nf6 2. Nf3 d5 3. c4 e6 4. g3 Bb4+ 5. Bd2 Be7 6. Bg2 O-O 7. O-O c6 8. Qc2 b6 9. Bf4 Nbd7 10. cxd5 cxd5 11. Rc1 {E08: Closed Catalan: Main Line: 7 Qc2} Ba6 (11... Bb7 12. Bc7 Qe8 13. Qb3 Rc8 14. Na3 Ba6 15. Nb5 Bxb5 16. Qxb5 Nc5 17. Qxe8 Rfxe8 18. Bf4 Na4 19. Rxc8 Rxc8 20. Rc1 Rxc1+ 21. Bxc1 {0-1 (50) Giri,A (2776)-So,W (2760) Kolkata 2019}) 12. Nc3 Qc8 13. Qd1 {White is slightly better.} Qb7 {[#]} 14. e4 $146 {Strongly threatening exd5.} ({Predecessor:} 14. Nd2 b5 15. a3 Nb6 16. e4 Rac8 17. Bg5 {½-½ (17) Horvath,C (2507)-Volokitin,A (2623) Hungary 2018}) 14... Nxe4 15. Nxe4 dxe4 16. Nd2 $1 Bd3 17. Rc3 $1 {[%cal Rc3d3] aiming for Rxd3!} Qa6 {[#]} 18. Nxe4 (18. Rc7 $1 $16 {[%cal Rc7d7]} Rfd8 19. Nxe4 (19. Bxe4 Bxe4 20. Nxe4 Qb5 $14)) 18... Bxe4 (18... Be2 $11 {remains equal.} 19. Qd2 Bb4) 19. Bxe4 $16 {Black must now prevent Rc7.} Rac8 {[#]} 20. Qd3 ({White should play} 20. Bd3 $1 $16 {[%cal Rd3a6]} Qb7 21. Rac1 Rxc3 22. Rxc3) 20... Qxd3 $11 21. Bxd3 Nf6 22. Ba6 Rxc3 23. bxc3 Nd5 24. Bd2 Rd8 {Accuracy: White = 67%, Black = 43%.} 1/2-1/2

[Event "82nd Tata Steel Masters 2020"]
[Site "Wijk aan Zee"]
[Date "2020.01.16"]
[Round "5.5"]
[White "Firouzja, Alireza"]
[Black "Giri, Anish"]
[Result "1-0"]
[WhiteElo "2723"]
[BlackElo "2768"]
[Annotator "TA"]
[PlyCount "101"]
[EventDate "2020.01.11"]
[EventType "tourn"]
[EventCountry "NED"]
[SourceTitle "playchess.com"]
[Source "ChessBase"]
[SourceQuality "1"]

{[%evp 9,101,18,18,24,25,24,25,22,12,13,15,26,26,32,41,0,0,0,0,0,0,0,-8,-6,-21,-53,18,20,28,41,39,29,31,39,31,-15,0,-7,0,0,0,0,0,0,0,0,0,0,0,0,0,0,0,-20,-16,-10,0,0,0,0,0,0,17,20,16,15,20,12,20,19,56,44,125,134,1176,1159,1071,1063,476,106,495,460,4133,3931,6070,3014,4799,4804,29972,29973,29972,29970,29975,29975]} 1. d4 d5 2. c4 e6 3. Nc3 Be7 4. cxd5 exd5 5. Bf4 c6 6. Qc2 {D31: Queen's Gambit Declined: Semi-Slav without ...Nf6 (+ Marshall Gambit and Noteboom) and Exchange Variation lines without ...Nf6} Nf6 7. e3 Nh5 8. Be5 {White has an edge.} Nd7 9. Be2 Nxe5 10. dxe5 g6 11. Bxh5 gxh5 12. Nge2 $146 ({Predecessor:} 12. Rd1 f6 13. exf6 Bxf6 {½-½ (41) Aleksandrov,A (2612)-Shimanov,A (2549) Moscow 2012}) 12... f6 13. exf6 Bxf6 14. Rd1 O-O 15. O-O Kh8 16. e4 {[%cal Re4d5]} d4 17. Nf4 Be5 (17... b6 $15) 18. Nd3 $11 Bg7 19. Ne2 {[%cal Bc3e2,Be2g1,Bg1f3,Bf3d4][%mdl 32]} h4 20. h3 Qe7 21. e5 Rd8 22. f4 Bf5 23. Kh2 Qe6 24. Ng1 Bh6 25. Nf3 Qe7 ({Of course not} 25... Qxa2 $6 26. Nxh4 Be4 27. Qe2 $16) 26. Kh1 Bxf4 27. Qc5 Qxc5 28. Nxc5 {Black must now prevent Ne1.} Bc2 29. Rxd4 Rxd4 30. Nxd4 Be3 31. Nce6 Bg6 32. Rf3 Bh6 33. Nf5 Bxf5 34. Rxf5 {[%mdl 4096] Endgame KRB-KRN} Be3 35. Rf3 Re8 (35... Bb6 {is interesting.} 36. Ng5 Re8 37. Rf4 Be3 38. Rg4 Re7) 36. Rxe3 Rxe6 {KR-KR} 37. Kg1 Kg7 38. Kf2 Kg6 39. Re4 Re7 40. Kf3 Kf5 (40... a5 $14) 41. Rxh4 $16 Kxe5 $2 {[%mdl 8192]} (41... a5 $16 42. Rh5+ Kg6) 42. Re4+ $18 Kf6 43. Rxe7 $1 Kxe7 {[#] KP-KP} 44. Kf4 $2 (44. g4 $1 $18 {and the rest is easy.} Kf6 45. Kf4) 44... Kf6 $2 {[%mdl 8192] [#]} (44... Kd6 $16 {is more resistant.}) 45. g4 $1 a5 (45... a6 $142 46. h4 a5) 46. a4 h6 47. h4 Ke6 48. g5 hxg5+ 49. Kxg5 {White mates.} Kf7 50. Kf5 b5 51. Ke5 {Accuracy: White = 76%, Black = 36%.} 1-0

[Event "82nd Tata Steel Masters 2020"]
[Site "Wijk aan Zee"]
[Date "2020.01.16"]
[Round "5.6"]
[White "Kovalev, Vladislav"]
[Black "So, Wesley"]
[Result "1/2-1/2"]
[WhiteElo "2660"]
[BlackElo "2765"]
[Annotator "TA"]
[PlyCount "42"]
[EventDate "2020.01.11"]
[EventType "tourn"]
[EventCountry "NED"]
[SourceTitle "playchess.com"]
[Source "ChessBase"]
[SourceQuality "1"]

{[%evp 18,42,18,17,17,15,16,25,24,11,12,12,12,12,12,12,10,6,3,0,12,6,11,0,0,0,0]} 1. e4 e5 2. Nf3 Nc6 3. Bb5 Nf6 4. O-O Nxe4 5. Re1 Nd6 6. Nxe5 Be7 7. Bf1 Nxe5 8. Rxe5 O-O 9. d4 Bf6 10. Re1 Re8 {C67: Ruy Lopez: Berlin Defence: 4 0-0 Nxe4} 11. c3 Rxe1 12. Qxe1 Nf5 {White has an edge.} 13. a4 {[%cal Ba2a4,Ba4a5][%mdl 32]} d5 {The position is equal.} 14. a5 {[#]} Nd6 $146 ({Predecessor:} 14... c6 15. Nd2 Nd6 16. Nb3 Bf5 17. Bf4 Rc8 18. Nc5 {½-½ (29) Karjakin,S (2748)-Giri,A (2779) Riga 2019}) 15. Bf4 Bf5 16. Nd2 {[%cal Bb1d2,Bd2f3,Bf3e5][%mdl 32]} Bg5 17. Bxg5 Qxg5 18. Nf3 Qd8 19. Ne5 f6 20. Nd3 c6 21. Qd1 Qc7 1/2-1/2

[Event "82nd Tata Steel Masters 2020"]
[Site "Wijk aan Zee"]
[Date "2020.01.16"]
[Round "5.7"]
[White "Duda, Jan-Krzysztof"]
[Black "Artemiev, Vladislav"]
[Result "1/2-1/2"]
[WhiteElo "2758"]
[BlackElo "2731"]
[Annotator "TA"]
[PlyCount "104"]
[EventDate "2020.01.11"]
[EventType "tourn"]
[EventCountry "NED"]
[SourceTitle "playchess.com"]
[Source "ChessBase"]
[SourceQuality "1"]

{[%evp 23,104,4,13,11,25,20,29,4,35,33,33,40,60,56,64,11,26,2,32,-142,-118,-130,-111,-131,-124,-109,0,0,0,0,59,59,60,41,60,60,60,60,88,97,99,89,95,0,0,0,0,0,0,0,0,0,0,0,0,0,0,0,0,0,0,0,0,0,0,0,0,0,0,0,0,0,0,0,0,0,0,0,0,0,0,0,0]} 1. d4 d5 2. c4 c6 3. Nf3 Nf6 4. Nc3 e6 5. e3 Nbd7 6. Qc2 Bd6 7. Bd3 O-O 8. O-O dxc4 9. Bxc4 e5 10. h3 exd4 11. exd4 Nb6 12. Bb3 Nbd5 13. Bg5 {D46: Semi-Slav: 5 e3 Nbd7 6 Bd3, Black avoids the Meran} Be7 (13... Qa5 14. Nxd5 Nxd5 15. Bd2 Qd8 16. Rfe1 h6 17. Qd3 Be6 18. Bc2 Nf6 19. d5 cxd5 20. Bc3 Re8 21. Ba4 Rf8 22. Bc2 Re8 23. Ba4 {½-½ (23) Ding,L (2547)-Zhang,P (2603) Hefei 2010}) 14. Rfe1 Be6 15. Re5 {White has an edge.} Qd7 $146 (15... h6 $5 {[%cal Rh6g5]} 16. Bh4 Rc8 $14) ({Predecessor:} 15... h6 16. Bh4 Nd7 17. Bxe7 Qxe7 18. Nxd5 cxd5 19. Re2 Rac8 20. Qd3 Nf6 21. Rae1 Rc7 22. Ne5 Qd6 23. Qe3 Qb6 24. Nd3 Bd7 25. Qf4 Bb5 {½-½ (25) Felicio,C (2452)-Schuster,J (2414) ICCF email 2002}) 16. Rae1 Rae8 17. Qd2 Bd8 18. Bc2 Qc8 19. Bh6 ({White should play} 19. Nxd5 $14 cxd5 20. Rc1) 19... Ne7 $11 (19... Nxc3 $6 20. bxc3 Kh8 21. Bg5 $16) 20. Ne4 Nf5 21. Bxg7 $2 (21. Bf4 $14) 21... Nxe4 $1 $17 22. R1xe4 Nxg7 23. Qh6 {White wants to mate with Rg4!} f5 {[#]} 24. Rg4 $1 {[%csl Gg4][%cal Rh6g7][%mdl 512]} Bf6 {[#]} (24... fxg4 $17 25. Bxh7+ Kf7 26. Bg6+ Ke7 27. Qxg7+ Kd6 28. Bxe8 Rxe8) 25. Ng5 $1 $40 {[%mdl 640] White is up to no good.} Bxg5 $1 26. Rxg5 {[%csl Gg5][%cal Rh6g7]} Qd7 {[#]} (26... Rf7 $11) 27. d5 $1 $14 {[%cal Rd5e6][%mdl 512]} cxd5 {[#] Threatens to win with ...Rf7.} 28. Ba4 $1 {[%cal Ra4d7][%mdl 512]} Qf7 {White must now prevent ...Bd7.} ({Of course not} 28... b5 $6 29. Bxb5 $1 {[%mdl 512]} Qc7 30. Rxe6 $16) (28... Qxa4 29. Qxg7#) 29. Bxe8 Rxe8 30. Rxe6 Rxe6 {[#]} 31. Rxg7+ $1 {[%mdl 576] Remove Defender} Qxg7 32. Qxe6+ {[%mdl 64] Double Attack} Qf7 {[#]} 33. Qxf7+ (33. Qd6 $1 $16) 33... Kxf7 $16 {[%mdl 4096] Endgame KP-KP. The position is equal.} 34. Kf1 Ke6 35. Ke2 f4 36. g4 fxg3 $1 37. fxg3 Ke5 38. Ke3 d4+ 39. Kf3 Kf5 40. g4+ Kg5 41. Kg3 $1 d3 42. h4+ $1 Kf6 {And now ...d2 would win.} 43. Kf3 Ke5 44. Ke3 d2 45. Kxd2 {Ke3 is the strong threat.} Kf4 46. g5 Kg4 47. Ke3 Kxh4 48. Kf4 a6 49. a3 b6 50. a4 a5 51. b3 Kh3 $1 {[%cal Rh3h4] aiming for ...Kh4.} 52. Kf3 $1 Kh4 {Accuracy: White = 70%, Black = 75%.} 1/2-1/2

[Event "82nd Tata Steel Masters 2020"]
[Site "Wijk aan Zee"]
[Date "2020.01.17"]
[Round "6.1"]
[White "Carlsen, Magnus"]
[Black "Caruana, Fabiano"]
[Result "1/2-1/2"]
[WhiteElo "2872"]
[BlackElo "2822"]
[Annotator "TA"]
[PlyCount "55"]
[EventDate "2020.01.11"]
[EventType "tourn"]
[EventCountry "NED"]
[SourceTitle "playchess.com"]
[Source "ChessBase"]
[SourceQuality "1"]

{[%evp 20,55,23,21,27,20,15,17,7,15,23,14,13,20,18,3,1,12,6,0,0,6,0,0,0,0,0,0,0,0,0,0,0,0,0,-4,0,0]} 1. d4 Nf6 2. c4 e6 3. Nf3 d5 4. Nc3 Be7 5. Bg5 h6 6. Bh4 dxc4 7. e3 c5 8. Bxc4 cxd4 9. Nxd4 Bd7 10. O-O O-O 11. Rc1 Nc6 {[%cal Bb8c6,Bc6b4,Bb4d5][%mdl 32] D53: Queen's Gambit Declined: 4 Bg5 Be7: Early deviations} 12. Nb3 (12. Nf3 a6 13. Be2 Nh5 14. Bxe7 Qxe7 15. Ne4 Rfd8 16. Qd6 Qxd6 17. Nxd6 Rab8 18. Rfd1 Nf6 19. Rd2 {½-½ (32) Shankland,S (2731)-Lenderman,A (2637) Saint Louis 2019}) 12... Rc8 13. Be2 Nd5 {[#] White must now prevent ...Nxc3.} 14. Bg3 Nxc3 15. Rxc3 {Threatens to win with Rd3.} Nb4 {The position is equal.} 16. Rxc8 Qxc8 {[#]} 17. Bd6 $146 ({Predecessor:} 17. a3 Nc6 18. Qc2 e5 19. Qc3 {½-½ (47) Dorfman,J (2580)-Van der Sterren,P (2490) Brussels 1993}) 17... Nd5 18. Bxe7 Nxe7 19. Qd6 Nf5 20. Qa3 Qb8 21. e4 Qe5 22. exf5 {[#] Strongly threatening Bf3.} Qxe2 23. Nd4 Qe5 24. fxe6 Qxd4 25. exd7 {Hoping for Qe7.} Rd8 26. g3 Rxd7 27. Re1 Kh7 28. Qf3 {Accuracy: White = 72%, Black = 86%.} 1/2-1/2

[Event "82nd Tata Steel Masters 2020"]
[Site "Wijk aan Zee"]
[Date "2020.01.17"]
[Round "6.2"]
[White "Giri, Anish"]
[Black "Kovalev, Vladislav"]
[Result "1-0"]
[WhiteElo "2768"]
[BlackElo "2660"]
[Annotator "TA"]
[PlyCount "101"]
[EventDate "2020.01.11"]
[EventType "tourn"]
[EventCountry "NED"]
[SourceTitle "playchess.com"]
[Source "ChessBase"]
[SourceQuality "1"]

{[%evp 13,101,13,14,14,22,20,28,11,-9,-1,17,5,26,8,16,28,30,48,25,19,39,32,43,20,52,33,51,44,77,72,91,87,141,160,172,158,162,132,189,49,49,47,50,51,51,51,50,50,45,46,47,46,46,41,49,47,47,43,92,69,240,245,275,289,283,281,289,245,221,245,275,275,296,310,310,310,29973,29974,29974,29975,29975,29976,29974,29975,29975,29975,29982,29937,29984,29985]} 1. e4 e5 2. Nf3 Nc6 3. Bc4 Bc5 4. c3 Nf6 5. d3 d6 6. Bg5 h6 7. Bh4 a6 8. Nbd2 {C54: Giuoco Piano: 4 c3 Nf6, main lines with 5 d4 and 5 d3} Ba7 9. O-O O-O 10. a4 {White has an edge.} g5 11. Bg3 Kg7 12. Re1 Nh7 13. b4 {[%cal Bb2b4,Bb4b5][%mdl 32]} h5 {White must now prevent ...h4.} 14. h3 h4 15. Bh2 g4 16. hxg4 Bxg4 17. b5 Ne7 18. d4 Ng6 {[#]} 19. bxa6 $146 ({Predecessor:} 19. Be2 Qf6 20. bxa6 bxa6 21. Kh1 Nf4 {½-½ (21) Anand,V (2757)-Nakamura,H (2741) Kolkata 2019}) 19... bxa6 20. Nf1 exd4 21. cxd4 Bxf3 22. gxf3 f5 (22... Qf6 $142) 23. Ne3 ({Not} 23. Bxa6 f4 $17) 23... fxe4 24. fxe4 Qg5+ 25. Kh1 $1 {Threatens to win with Rg1.} Rxf2 {Strongly threatening ...Nf6.} 26. Nf5+ (26. Bg1 $18 Rb2 27. Qc1) 26... Kh8 $14 {[%csl Gf2][%cal Rg5g2]} 27. Rg1 Rxh2+ $1 {[%mdl 64] Remove Defender, Decoy} 28. Kxh2 Qf4+ {[%mdl 64] Double Attack} 29. Kh3 Ng5+ 30. Rxg5 $1 Qxg5 31. Qg1 $1 $40 {[%cal Rg1g5][%mdl 128] White mounts an attack.} Nf4+ 32. Kh2 Qxg1+ 33. Rxg1 {Rg4! is the strong threat.} d5 34. Bxd5 Nxd5 35. exd5 {[%mdl 4096] Endgame KRB-KRN} Re8 36. Kh3 Bb6 $2 (36... Re4 $1 $14) 37. Kxh4 $18 Rd8 38. Rg5 Kh7 39. Rh5+ Kg6 {[#]} 40. Ne7+ $1 Kf6 41. Nc6 Re8 42. Re5 Rh8+ 43. Kg4 a5 44. Rf5+ Kg6 $2 (44... Kg7 $18 45. d6 cxd6) 45. Ne5+ {White mates.} Kg7 {[#]} 46. Rg5+ $1 Kh7 47. Rh5+ Kg7 48. Rxh8 Kxh8 49. Nc4 Kg7 50. Kf5 Kf7 51. d6 {Accuracy: White = 84%, Black = 51%.} 1-0

[Event "82nd Tata Steel Masters 2020"]
[Site "Wijk aan Zee"]
[Date "2020.01.17"]
[Round "6.3"]
[White "Van Foreest, Jorden"]
[Black "Anand, Viswanathan"]
[Result "1/2-1/2"]
[WhiteElo "2644"]
[BlackElo "2758"]
[Annotator "TA"]
[PlyCount "68"]
[EventDate "2020.01.11"]
[EventType "tourn"]
[EventCountry "NED"]
[SourceTitle "playchess.com"]
[Source "ChessBase"]
[SourceQuality "1"]

{[%evp 9,68,0,1,11,15,35,50,43,66,52,66,51,62,62,66,33,55,43,71,53,62,61,88,57,54,50,66,36,46,8,9,13,39,0,0,0,0,0,0,0,9,6,33,1,9,4,2,-9,-9,-15,-14,-49,0,0,0,0,0,0,6,5,16]} 1. e4 e5 2. Nf3 Nc6 3. Nc3 Nf6 4. Bb5 Nd4 5. Bc4 c6 6. Nxe5 {C48: Four Knights: 4 Bb5, replies other than 4...Bb4} d5 7. exd5 $1 Bd6 {[#] aiming for ...cxd5.} 8. Nf3 {White is slightly better.} Qe7+ 9. Kf1 (9. Be2 Nxf3+ 10. gxf3 Nxd5 11. Nxd5 cxd5 12. d4 Bf5 13. Be3 {0-1 (41) Nepomniachtchi,I (2767)-Kramnik,V (2753) Moscow 2019}) 9... Nxf3 10. Qxf3 O-O 11. dxc6 Re8 {[%csl Ge8][%cal Re7e1] [#]} 12. Qe2 {Strongly threatening Qxe7.} (12. Qd1 {looks sharper.} bxc6 13. d3 Be5 14. h3 Rb8 15. Bb3) 12... Qd8 13. Qd1 bxc6 $146 14. d3 Rb8 15. h3 Be5 16. Bb3 c5 17. Be3 Qc7 18. Qd2 Ba6 19. Re1 c4 20. dxc4 Bxc4+ 21. Bxc4 Qxc4+ 22. Qd3 Qxd3+ 23. cxd3 Rxb2 24. d4 Bc7 25. Re2 Rbb8 26. g3 Ba5 27. Na4 Nd5 28. Nc5 Bc3 29. Nb3 a5 {[%cal Ba7a5,Ba5a4][%mdl 32]} 30. Bc1 Rxe2 31. Kxe2 {The position is equal.} a4 32. Nc5 Bxd4 33. Ne4 $1 Re8 34. Kf3 Nc3 {Accuracy: White = 45%, Black = 63%.} 1/2-1/2

[Event "82nd Tata Steel Masters 2020"]
[Site "Wijk aan Zee"]
[Date "2020.01.17"]
[Round "6.4"]
[White "So, Wesley"]
[Black "Duda, Jan-Krzysztof"]
[Result "1/2-1/2"]
[WhiteElo "2765"]
[BlackElo "2758"]
[Annotator "TA"]
[PlyCount "67"]
[EventDate "2020.01.11"]
[EventType "tourn"]
[EventCountry "NED"]
[SourceTitle "playchess.com"]
[Source "ChessBase"]
[SourceQuality "1"]

{[%evp 13,67,21,50,20,25,25,37,37,31,31,31,18,28,15,16,14,23,12,28,23,21,10,23,27,10,17,39,45,32,38,42,40,50,17,35,29,54,27,42,18,20,15,23,31,27,23,37,0,8,0,0,0,0,0,0,-6]} 1. d4 Nf6 2. c4 e6 3. Nf3 d5 4. g3 dxc4 5. Bg2 a6 6. O-O Nc6 7. e3 Bd7 8. a4 {[%mdl 1024] White has compensation. E04: Open Catalan: 5 Nf3} (8. Qe2 b5 9. b3 cxb3 10. axb3 Be7 11. Bd2 O-O 12. Rc1 Nb4 13. Ne5 Nfd5 14. Nc3 c6 15. Ne4 f6 16. Nxd7 Qxd7 17. Nc5 Bxc5 18. Rxc5 f5 19. Ra5 Qc7 20. Ra1 Qd7 21. Ra5 Qc7 22. Ra1 Qd7 {½-½ (22) So,W (2780)-Duda,J (2737) chess.com INT 2018}) 8... Bd6 $146 ({Predecessor:} 8... Bb4 9. Nbd2 c3 10. bxc3 Bxc3 11. Ba3 Bxa1 12. Qxa1 Ne7 13. Ne5 Rb8 14. Rb1 b6 15. Rc1 O-O {0-1 (26) Konopka,M (2489)-Simacek,P (2480) Brno 2006}) 9. a5 Nb4 10. Na3 {White is slightly better.} Bb5 11. Nd2 Bc6 12. Ndxc4 Bxg2 13. Kxg2 O-O 14. f3 Be7 15. Bd2 Nc6 16. Qb3 Rb8 17. Bc3 b5 18. axb6 $1 cxb6 19. Nc2 Qc8 20. e4 b5 21. Na5 Nxa5 22. Bxa5 Qb7 23. Rfd1 Rfc8 24. Ne3 Nd7 25. h4 Bf8 26. Rac1 Rxc1 27. Rxc1 {[#] aiming for Rc7.} Rc8 28. Rc3 Nb8 29. Bb4 (29. Rxc8 {keeps more tension.} Qxc8 30. Bd2 Nd7 31. d5 Nb6 32. Qd3) 29... Rxc3 30. Qxc3 Qc6 {The position is equal.} 31. Bxf8 {[#] Black must now prevent Bc5.} Qxc3 32. bxc3 {Strongly threatening Bd6.} Kxf8 33. Kf2 Ke7 34. Ke2 {Accuracy: White = 42%, Black = 74%.} 1/2-1/2

[Event "82nd Tata Steel Masters 2020"]
[Site "Wijk aan Zee"]
[Date "2020.01.17"]
[Round "6.5"]
[White "Yu, Yangyi"]
[Black "Firouzja, Alireza"]
[Result "1/2-1/2"]
[WhiteElo "2726"]
[BlackElo "2723"]
[Annotator "TA"]
[PlyCount "71"]
[EventDate "2020.01.11"]
[EventType "tourn"]
[EventCountry "NED"]
[SourceTitle "playchess.com"]
[Source "ChessBase"]
[SourceQuality "1"]

{[%evp 21,71,30,37,25,25,32,33,36,33,41,48,32,36,42,62,67,100,107,100,111,96,106,90,102,82,67,65,60,62,69,71,62,61,69,61,62,53,58,51,51,65,31,37,33,46,60,49,0,0,-2,0,-4]} 1. e4 c5 2. Nf3 d6 3. d4 cxd4 4. Nxd4 Nf6 5. Nc3 a6 6. Be3 e5 7. Nf3 Qc7 8. a4 Be7 9. Be2 O-O 10. O-O Be6 11. a5 h6 12. Nd5 {B90: Sicilian Najdorf: Unusual White 6th moves, 6 Be3 Ng4 and 6 Be3 e5} Nxd5 13. exd5 Bf5 14. c4 {White is slightly better.} Nd7 15. b4 Rac8 16. Rc1 Qd8 (16... Bh7 17. Nd2 f5 18. f3 Bg5 19. Qb3 Kh8 {½-½ (41) Anand,V (2773)-Korobov,A (2698) St Petersburg 2018}) 17. Nd2 Nf6 $146 ({Predecessor:} 17... Bg5 18. c5 dxc5 19. bxc5 Nf6 {½-½ (45) Rubinchik,L-Zelinskis,J USSR 1988}) 18. Qb3 Qd7 19. Rfd1 Ng4 20. Bxg4 Bxg4 21. f3 Bf5 22. c5 Qb5 {[%cal Rd6c5]} 23. Qc4 Bd3 24. Qxb5 Bxb5 25. Ne4 Rfd8 26. cxd6 Rxc1 27. Rxc1 Bxd6 28. Bb6 Rd7 29. Rc8+ Kh7 30. Bc5 Bc7 31. Kf2 f5 32. Nc3 Bc4 33. d6 Bd8 34. Na4 Bb5 35. Nb6 Bxb6 $1 36. axb6 {Accuracy: White = 81%, Black = 79%.} 1/2-1/2

[Event "82nd Tata Steel Masters 2020"]
[Site "Wijk aan Zee"]
[Date "2020.01.17"]
[Round "6.6"]
[White "Dubov, Daniil"]
[Black "Artemiev, Vladislav"]
[Result "1-0"]
[WhiteElo "2683"]
[BlackElo "2731"]
[Annotator "TA"]
[PlyCount "65"]
[EventDate "2020.01.11"]
[EventType "tourn"]
[EventCountry "NED"]
[SourceTitle "playchess.com"]
[Source "ChessBase"]
[SourceQuality "1"]

{[%evp 14,65,14,14,14,11,10,11,22,20,19,16,9,19,20,8,28,20,22,0,20,25,15,20,22,25,57,37,22,0,15,0,15,15,121,34,116,111,87,105,129,122,129,120,476,337,29961,29962,6412,5812,2466,1361,29991,29992]} 1. e4 c6 2. d4 d5 3. e5 Bf5 4. h4 h5 5. c4 e6 6. Nc3 Be7 7. cxd5 cxd5 8. Bd3 Bxd3 {B12: Caro-Kann: Advance Variation} 9. Qxd3 Nc6 10. Nf3 Nh6 {The position is equal.} (10... Rc8 11. g3 Bb4 12. Bd2 Nge7 13. a3 Bxc3 14. Bxc3 Nf5 15. O-O Qb6 16. Rfd1 {½-½ (23) Short,N (2674)-Anand,V (2786) Wijk aan Zee 2005}) 11. Bxh6 Rxh6 12. Rc1 $146 ({Predecessor:} 12. g3 Kf8 13. O-O g6 14. Rfc1 Kg7 15. a3 Rh8 16. Na4 {1-0 (55) Balogh,C (2622)-Harutjunyan,G (2476) Dubai 2010}) 12... Kf8 13. g3 g6 14. O-O Kg7 15. Na4 Rh8 16. Nc5 (16. Qb3 {seems wilder.} Rb8 17. Kg2 Qa5 18. Rc3 Rhc8 19. Rfc1) 16... Bxc5 (16... Qb6 {looks sharper.} 17. a3 Rhc8 18. b4 a5 19. Na4 Qd8) 17. Rxc5 Qd7 18. Rfc1 Rhc8 19. Qc3 a5 20. a3 a4 21. Ne1 Qe7 22. Nf3 Qd7 $1 23. Kg2 Rc7 (23... Ne7 $11) 24. Qc2 (24. Ng5 $16) 24... Qd8 (24... Rcc8 $1 $14) 25. Qd1 Rd7 26. Ng5 Ra6 27. g4 Qh8 28. Qf3 Rb6 $2 {[%mdl 8192]} (28... Ra8 $16 {is more resistant.}) 29. gxh5 Qxh5 $2 {[#]} (29... gxh5 $18 30. Ra5 Qh6 31. Rxa4 Qg6) 30. Qf6+ $1 Kg8 {[#]} 31. Ra5 $1 {[%mdl 512] White threatens Ra8+ and mate.} Qg4+ (31... Nxa5 32. Rc8+) 32. Kf1 {Threatening mate with Ra8+.} Nd8 {[#]} 33. Ra8 $1 {[%mdl 512] Accuracy: White = 59%, Black = 33%.} 1-0

[Event "82nd Tata Steel Masters 2020"]
[Site "Wijk aan Zee"]
[Date "2020.01.17"]
[Round "6.7"]
[White "Xiong, Jeffery"]
[Black "Vitiugov, Nikita"]
[Result "1/2-1/2"]
[WhiteElo "2712"]
[BlackElo "2747"]
[Annotator "TA"]
[PlyCount "77"]
[EventDate "2020.01.11"]
[EventType "tourn"]
[EventCountry "NED"]
[SourceTitle "playchess.com"]
[Source "ChessBase"]
[SourceQuality "1"]

{[%evp 11,77,11,18,19,22,12,27,14,16,1,18,14,15,27,26,19,14,2,5,19,17,7,7,10,10,11,14,18,4,9,13,0,0,0,11,16,14,16,14,16,16,18,28,24,31,16,22,22,41,37,42,0,0,0,5,5,14,8,6,6,6,3,36,0,0,0,0,0]} 1. e4 e5 2. Nf3 Nc6 3. Bc4 Bc5 4. c3 Nf6 5. d3 d6 6. O-O a6 7. a4 {C54: Giuoco Piano: 4 c3 Nf6, main lines with 5 d4 and 5 d3} Ba7 8. Nbd2 O-O 9. b4 {White has an edge.} h6 10. h3 Re8 11. Re1 Be6 12. Bxe6 Rxe6 13. Rb1 $146 ({Predecessor:} 13. Qc2 Qd7 14. Nf1 Ne7 15. Be3 Ng6 16. Bxa7 Rxa7 {1-0 (59) Dominguez Perez,L (2758)-Wang,H (2756) Moscow 2019}) 13... Qd7 14. b5 axb5 15. axb5 Ne7 16. Nc4 Ng6 17. b6 Bxb6 18. Rxb6 cxb6 19. Nxb6 {[%mdl 64] [#] Double Attack} Qc6 20. Nxa8 {Strongly threatening Be3.} Re8 21. c4 Rxa8 22. Qb3 Ra1 23. Be3 Rxe1+ 24. Nxe1 Nd7 25. Nc2 Nc5 26. Qa3 Na6 27. Qa5 Nf8 28. Na3 Ne6 29. Nb5 Nac5 30. Qa8+ Kh7 31. Qb8 Nxd3 32. Nxd6 f6 33. Nf5 {[#] Ne7 is the strong threat.} Qd7 34. Qd6 (34. h4 {is more complex.} h5 35. f3 Ndc5 36. Kh2 Nd3 37. Qd6) 34... Qxd6 35. Nxd6 Ndc5 36. g4 g6 37. Ne8 Nxe4 38. f3 N4g5 39. Nxf6+ {Accuracy: White = 66%, Black = 69%.} 1/2-1/2